Elements of discrete mathematics / (Record no. 16287)

MARC details
000 -LEADER
fixed length control field 01089nam a2200301 a 4500
005 - DATE AND TIME OF LATEST TRANSACTION
control field 20080820131943.0
008 - FIXED-LENGTH DATA ELEMENTS--GENERAL INFORMATION
fixed length control field 060418s2006 caua |s 001 0 eng d
010 ## - LCCN (DPL NO)
LC control number ENG-91171
020 ## - INTERNATIONAL STANDARD BOOK NUMBER
International Standard Book Number 9780070669130
Terms of availability 225.00
020 ## - INTERNATIONAL STANDARD BOOK NUMBER
International Standard Book Number 0070669139
035 ## - SYSTEM CONTROL NUMBER
System control number EN-74704
037 ## - SOURCE OF ACQUISITION
Source of stock number/acquisition DBAD / PUB
040 ## - CATALOGING SOURCE
Original cataloging agency dpl
Language of cataloging English
082 ## - DEWEY DECIMAL CLASSIFICATION NUMBER
Classification number 511.1
100 ## - MAIN ENTRY--PERSONAL NAME
Personal name Liu, Chung Laung
245 ## - TITLE STATEMENT
Title Elements of discrete mathematics /
Statement of responsibility, etc by Chung Laung Liu [and] Durga Prasad Mohapatra
Remainder of title a computer oriented aproach /
250 ## - EDITION STATEMENT
Edition statement 3rd ed.
260 ## - PUBLICATION, DISTRIBUTION, ETC. (IMPRINT)
Place of publication, distribution, etc New Delhi
Name of publisher, distributor, etc Tata McGraw-Hill Publishing
Date of publication, distribution, etc 2008
270 ## - ADDRESS
Address 7 West Patel Nagar,
City New Delhi
Postal code 110008
300 ## - PHYSICAL DESCRIPTION
Extent xviii, 547p.
Dimensions 23cm (pbk)
500 ## - GENERAL NOTE
General note Includes index
650 ## - SUBJECT ADDED ENTRY--TOPICAL TERM
Topical term or geographic name as entry element Mathematics
650 ## - SUBJECT ADDED ENTRY--TOPICAL TERM
Source of heading or term Computer science
General subdivision Mathematics
700 ## - ADDED ENTRY--PERSONAL NAME
Personal name Mohapatra, Durga Prasad
942 ## - ADDED ENTRY ELEMENTS (KOHA)
Source of classification or shelving scheme Dewey Decimal Classification
Item type English Books
Call number suffix LIU
Classification part 511.1
Holdings
Withdrawn status Lost status Source of classification or shelving scheme Damaged status Not for loan Collection code Home library Current library Date acquired Source of acquisition Cost, normal purchase price Total Checkouts Full call number Barcode Date last seen Copy number Cost, replacement price Koha item type
    Dewey Decimal Classification   Not For Loan Non-fiction D.B.Act.Division D.B.Act.Division 06/10/2008 DBAD / PUB 225.00   511.1 LIU EN-74704 06/10/2008 1 225.00 English Books

© Delhi Public Library
Hit Counter
free hit counter